Geography Quiz

Random Geography or State Quiz

Tabula Rasa: Mexico Quiz Stats

Quiz not verified by Sporcle

Also try: 'K' in Asia
Challenge
Share
Tweet
Score 0/31 Timer 06:00
0 Plays Today
% Correct
Baja California
88.9%
Yucatán
88.9%
Baja California Sur
85.2%
Quintana Roo
85.2%
Chihuahua
81.5%
Sonora
77.8%
Veracruz
77.8%
México
77.8%
Oaxaca
77.8%
Chiapas
77.8%
Nuevo León
74.1%
Sinaloa
70.4%
Nayarit
70.4%
Coahuila
66.7%
Jalisco
66.7%
Aguascalientes
66.7%
% Correct
Guerrero
66.7%
Tabasco
66.7%
Durango
63%
San Luis Potosí
63%
Campeche
63%
Querétaro
59.3%
Puebla
59.3%
Tamaulipas
55.6%
Zacatecas
55.6%
Guanajuato
55.6%
Hidalgo
55.6%
Colima
55.6%
Morelos
48.1%
Michoacán
44.4%
Tlaxcala
40.7%

You're not logged in!

Compare scores with friends on all Sporcle quizzes.
Sign Up with Email
OR
Log In

You Might Also Like...

Show Comments

Extras

Top Quizzes Today


Score Distribution

Your Account Isn't Verified!

In order to create a playlist on Sporcle, you need to verify the email address you used during registration. Go to your Sporcle Settings to finish the process.